Top 10 Melhores Países para Morar - Statistics

Estatísticas Gerais
  • Esse quiz foi jogado 153 vezes
  • A pontuação média é 8 de 10
Estatísticas das Respostas
Hint Resposta % Correto
1º Lugar Suíça
92%
4º Lugar Canadá
91%
6º Lugar Suécia
89%
5º Lugar Austrália
83%
2º Lugar Japão
83%
7º Lugar Alemanha
81%
10º Lugar Dinamarca
81%
8º Lugar Reino Unido
76%
3º Lugar EUA
73%
9º Lugar Nova Zelândia
68%
Nenhum quiz correspondente encontrado
Distribuição das Pontuações
Porcentagem de Pessoas com Cada Pontuação
Percentil de Números Respondidos
Sua Pontuação Histórica
Você não jogou esse quiz